Canzoniere 50-Quei favolosi anni del "boom" (Lp Ski 5067) (Record n. 99900)
[ formato base ]
| 000 -LEADER | |
|---|---|
| fixed length control field | 04673njm a2200757Ia 4500 |
| 001 - CONTROL NUMBER | |
| control field | 23808 |
| 003 - CONTROL NUMBER IDENTIFIER | |
| control field | IT-RoPAU |
| 005 - DATE AND TIME OF LATEST TRANSACTION | |
| control field | 20220918181122.0 |
| 008 - FIXED-LENGTH DATA ELEMENTS--GENERAL INFORMATION | |
| fixed length control field | 131025s9999 xx 000 0 und d |
| 040 ## - CATALOGING SOURCE | |
| Original cataloging agency | IT-RoPAU |
| 040 ## - CATALOGING SOURCE | |
| Transcribing agency | IT-RoPAU |
| 041 ## - LANGUAGE CODE | |
| Language code of text/sound track or separate title | ITALIANO |
| 999 ## - SYSTEM CONTROL NUMBERS (KOHA) | |
| Koha Dewey Subclass [OBSOLETE] | n.d. |
| 100 ## - MAIN ENTRY--PERSONAL NAME | |
| Personal name | AA.VV. |
| 9 (RLIN) | 794 |
| 100 ## - MAIN ENTRY--PERSONAL NAME | |
| Relator term | Autore musica |
| 9 (RLIN) | 6072 |
| 100 ## - MAIN ENTRY--PERSONAL NAME | |
| Miscellaneous information | Codice autore musica SPICS: 12000 |
| 9 (RLIN) | 796 |
| 245 ## - TITLE STATEMENT | |
| Title | Canzoniere 50-Quei favolosi anni del "boom" (Lp Ski 5067) |
| 250 ## - EDITION STATEMENT | |
| Edition statement | 1a ed. |
| 260 ## - PUBLICATION, DISTRIBUTION, ETC. (IMPRINT) | |
| Place of publication, distribution, etc. | ITALIA |
| 260 ## - PUBLICATION, DISTRIBUTION, ETC. (IMPRINT) | |
| Name of publisher, distributor, etc. | K - TEL INTERNATIONAL |
| Date of publication, distribution, etc. | 1981 [1a Ed.:1981 - Ed. Lingua Orig.: 1954] |
| 300 ## - PHYSICAL DESCRIPTION | |
| Extent | DISCO |
| 300 ## - PHYSICAL DESCRIPTION | |
| Dimensions | 46 minuti (Testo: pag.) |
| 500 ## - GENERAL NOTE | |
| General note | Canzone italiana anni '50 le quattordici canzoni più belle del 1954 |
| 505 ## - FORMATTED CONTENTS NOTE | |
| Formatted contents note | Canzone da due soldi (4:00) - E la barca tornò sola (4:00) - O' cangaceiro (Mulher Rendeira) dal film omonimo (4:00) - Ufemia (3:00) - Souvenir d'Italie dalla rivista "Tutte donne meno io" (3:00) - Tell me Why (4:00) - La strada dal film omonimo (4:00) - Scapricciatiello (4:00) - Johnny Guitar dal film omonimo (3:00) - Fontana di Trevi dal film "Tre soldi nella fontana" (4:00) - Aveva un bavero (4:00) - Le Grisbi dal film omonimo (4:00) - La donna riccia (3:00) - Tutte le mamme (4:00) |
| 511 ## - PARTICIPANT OR PERFORMER NOTE | |
| Participant or performer note | Ranieri Katyna |
| 511 ## - PARTICIPANT OR PERFORMER NOTE | |
| Participant or performer note | Latilla Gino |
| 511 ## - PARTICIPANT OR PERFORMER NOTE | |
| Participant or performer note | Sandon's Flo |
| 511 ## - PARTICIPANT OR PERFORMER NOTE | |
| Participant or performer note | Rosettani Bruno |
| 511 ## - PARTICIPANT OR PERFORMER NOTE | |
| Participant or performer note | Pizzi Nilla |
| 511 ## - PARTICIPANT OR PERFORMER NOTE | |
| Participant or performer note | Van Wood Peter |
| 511 ## - PARTICIPANT OR PERFORMER NOTE | |
| Participant or performer note | Savina Carlo |
| 511 ## - PARTICIPANT OR PERFORMER NOTE | |
| Participant or performer note | Fierro Aurelio |
| 511 ## - PARTICIPANT OR PERFORMER NOTE | |
| Participant or performer note | Quartetto Cetra (Il) |
| 511 ## - PARTICIPANT OR PERFORMER NOTE | |
| Participant or performer note | Bacilieri Paolo |
| 511 ## - PARTICIPANT OR PERFORMER NOTE | |
| Participant or performer note | Modugno Domenico |
| 650 ## - SUBJECT ADDED ENTRY--TOPICAL TERM | |
| Topical term or geographic name as entry element | CANZONE ITALIAN [DISCHI] |
| Relator term | Codice MATERIA SPICS: 9950 |
| 9 (RLIN) | 6073 |
| 700 ## - ADDED ENTRY--PERSONAL NAME | |
| Personal name | Pinchi (Pinci) (Perotti Pino) |
| Dates associated with a name | Codice autore musica SPICS: 13615 |
| Relator term | Autore musica |
| Name of part/section of a work | Canzone da due soldi |
| 9 (RLIN) | 6074 |
| 700 ## - ADDED ENTRY--PERSONAL NAME | |
| Personal name | Donida Carlo |
| Dates associated with a name | Codice autore testo/musica SPICS: 13649 |
| Relator term | Autore testo/musica |
| Name of part/section of a work | Canzone da due soldi |
| 9 (RLIN) | 6075 |
| 700 ## - ADDED ENTRY--PERSONAL NAME | |
| Personal name | Ruccione Mario |
| Dates associated with a name | Codice autore musica SPICS: 13479 |
| Relator term | Autore musica |
| Name of part/section of a work | E la barca tornò sola |
| 9 (RLIN) | 6076 |
| 700 ## - ADDED ENTRY--PERSONAL NAME | |
| Personal name | Fiorelli Giuseppe |
| Dates associated with a name | Codice autore testo/musica SPICS: 13362 |
| Relator term | Autore testo/musica |
| Name of part/section of a work | E la barca tornò sola |
| 9 (RLIN) | 6077 |
| 700 ## - ADDED ENTRY--PERSONAL NAME | |
| Personal name | Nascimento Milton |
| Dates associated with a name | Codice autore testo/musica SPICS: 15502 |
| Relator term | Autore testo/musica |
| Name of part/section of a work | O' cangaceiro |
| 9 (RLIN) | 6078 |
| 700 ## - ADDED ENTRY--PERSONAL NAME | |
| Personal name | Poletto Enzo |
| Dates associated with a name | Codice autore musica SPICS: 13595 |
| Relator term | Autore musica |
| Name of part/section of a work | Ufemia |
| 9 (RLIN) | 6079 |
| 700 ## - ADDED ENTRY--PERSONAL NAME | |
| Personal name | Mendes Peppino |
| Dates associated with a name | Codice autore SPICS: 13135 |
| Relator term | Autore |
| Name of part/section of a work | Ufemia |
| 9 (RLIN) | 6080 |
| 700 ## - ADDED ENTRY--PERSONAL NAME | |
| Personal name | Fuentes |
| Dates associated with a name | Codice autore testo/musica SPICS: 14201 |
| Relator term | Autore testo/musica |
| Name of part/section of a work | Ufemia |
| 9 (RLIN) | 6081 |
| 700 ## - ADDED ENTRY--PERSONAL NAME | |
| Personal name | Luttazzi Lelio |
| Dates associated with a name | Codice autore musica SPICS: 13480 |
| Relator term | Autore musica |
| Name of part/section of a work | Souvenir d'Italie |
| 9 (RLIN) | 6082 |
| 700 ## - ADDED ENTRY--PERSONAL NAME | |
| Personal name | Tarabusi Renzo |
| Dates associated with a name | Codice autore SPICS: 855 |
| Relator term | Autore |
| Name of part/section of a work | Souvenir d'Italie |
| 9 (RLIN) | 6083 |
| 700 ## - ADDED ENTRY--PERSONAL NAME | |
| Personal name | Scarnicci Giulio |
| Dates associated with a name | Codice autore testo/musica SPICS: 1533 |
| Relator term | Autore testo/musica |
| Name of part/section of a work | Souvenir d'Italie |
| 9 (RLIN) | 6084 |
| 700 ## - ADDED ENTRY--PERSONAL NAME | |
| Personal name | Gold Ernest |
| Dates associated with a name | Codice autore musica SPICS: 10926 |
| Relator term | Autore musica |
| Name of part/section of a work | Tell me Why |
| 9 (RLIN) | 6085 |
| 700 ## - ADDED ENTRY--PERSONAL NAME | |
| Personal name | Alberts |
| Dates associated with a name | Codice autore testo/musica SPICS: 18018 |
| Relator term | Autore testo/musica |
| Name of part/section of a work | Tell me Why |
| 9 (RLIN) | 6086 |
| 700 ## - ADDED ENTRY--PERSONAL NAME | |
| Personal name | Rota Nino |
| Dates associated with a name | Codice autore testo/musica SPICS: 11128 |
| Relator term | Autore testo/musica |
| Name of part/section of a work | La strada |
| 9 (RLIN) | 6087 |
| 700 ## - ADDED ENTRY--PERSONAL NAME | |
| Personal name | Albano Ferdinando |
| Dates associated with a name | Codice autore musica SPICS: 13631 |
| Relator term | Autore musica |
| Name of part/section of a work | Scapricciatiello |
| 9 (RLIN) | 6088 |
| 700 ## - ADDED ENTRY--PERSONAL NAME | |
| Personal name | Vento Pacifico |
| Dates associated with a name | Codice autore testo/musica SPICS: 13630 |
| Relator term | Autore testo/musica |
| Name of part/section of a work | Scapricciatiello |
| 9 (RLIN) | 6089 |
| 700 ## - ADDED ENTRY--PERSONAL NAME | |
| Personal name | Young Victor |
| Dates associated with a name | Codice autore musica SPICS: 11205 |
| Relator term | Autore musica |
| Name of part/section of a work | Johnny Guitar |
| 9 (RLIN) | 6090 |
| 700 ## - ADDED ENTRY--PERSONAL NAME | |
| Personal name | Lee George E. |
| Dates associated with a name | Codice autore testo/musica SPICS: 16396 |
| Relator term | Autore testo/musica |
| Name of part/section of a work | Johnny Guitar |
| 9 (RLIN) | 6091 |
| 700 ## - ADDED ENTRY--PERSONAL NAME | |
| Personal name | Devilli (Curci Alberto) |
| Dates associated with a name | Codice autore musica SPICS: 13392 |
| Relator term | Autore musica |
| Name of part/section of a work | Fontana di Trevi |
| 9 (RLIN) | 6092 |
| 700 ## - ADDED ENTRY--PERSONAL NAME | |
| Personal name | Styne Jules |
| Dates associated with a name | Codice autore SPICS: 11167 |
| Relator term | Autore |
| Name of part/section of a work | Fontana di Trevi |
| 9 (RLIN) | 6093 |
| 700 ## - ADDED ENTRY--PERSONAL NAME | |
| Personal name | Cahn |
| Dates associated with a name | Codice autore testo/musica SPICS: 20244 |
| Relator term | Autore testo/musica |
| Name of part/section of a work | Fontana di Trevi |
| 9 (RLIN) | 6094 |
| 700 ## - ADDED ENTRY--PERSONAL NAME | |
| Personal name | Ripa Virgilio |
| Dates associated with a name | Codice autore musica SPICS: 13647 |
| Relator term | Autore musica |
| Name of part/section of a work | Aveva un bavero |
| 9 (RLIN) | 6095 |
| 700 ## - ADDED ENTRY--PERSONAL NAME | |
| Personal name | Panzeri Mario |
| Dates associated with a name | Codice autore testo/musica SPICS: 13372 |
| Relator term | Autore testo/musica |
| Name of part/section of a work | Aveva un bavero |
| 9 (RLIN) | 6096 |
| 700 ## - ADDED ENTRY--PERSONAL NAME | |
| Personal name | Gioia Caterina |
| Dates associated with a name | Codice autore musica SPICS: 6049 |
| Relator term | Autore musica |
| Name of part/section of a work | Le Grisbi |
| 9 (RLIN) | 6097 |
| 700 ## - ADDED ENTRY--PERSONAL NAME | |
| Personal name | Testoni Giancarlo |
| Dates associated with a name | Codice autore SPICS: 13524 |
| Relator term | Autore |
| Name of part/section of a work | Le Grisbi |
| 9 (RLIN) | 6098 |
| 700 ## - ADDED ENTRY--PERSONAL NAME | |
| Personal name | Modugno Domenico |
| Dates associated with a name | Codice autore testo/musica SPICS: 12142 |
| Relator term | Autore testo/musica |
| Name of part/section of a work | La donna riccia |
| 9 (RLIN) | 6099 |
| 700 ## - ADDED ENTRY--PERSONAL NAME | |
| Personal name | Falcocchio Edoardo |
| Dates associated with a name | Codice autore musica SPICS: 13560 |
| Relator term | Autore musica |
| Name of part/section of a work | Tutte le mamme |
| 9 (RLIN) | 6100 |
| 700 ## - ADDED ENTRY--PERSONAL NAME | |
| Personal name | Bertini Umberto |
| Dates associated with a name | Codice autore testo/musica SPICS: 13511 |
| Relator term | Autore testo/musica |
| Name of part/section of a work | Tutte le mamme |
| 9 (RLIN) | 6101 |
| 942 ## - ADDED ENTRY ELEMENTS (KOHA) | |
| Koha item type | DISCHI |
| Source of classification or shelving scheme | Dewey Decimal Classification |
| Withdrawn status | Lost status | Damaged status | Not for loan | Home library | Current library | Date acquired | Total Checkouts | Full call number | Date last seen | Price effective from | Koha item type | Public note |
|---|---|---|---|---|---|---|---|---|---|---|---|---|
| Buone Condizioni | Not For Loan | SPICS-MEDIATECA | SPICS-MEDIATECA | 25/10/2013 | 23808 | 25/10/2013 | 25/10/2013 | DISCHI | Progr. Ins.: 4655 / N.Vol.: 1 / Copie: 1 - Copia rara: n.d. / date import: 01.01.2014 - By Epidotti, Trombetti, Vaglietti |